[Event "Armenia Quindio op"]
[Site "Armenia"]
[Date "2024.04.07"]
[Round "5"]
[White "Banol Banol, Jose Daniel"]
[Black "Anzola, Apolinar"]
[Result "1-0"]
[WhiteElo "1653"]
[BlackElo "1951"]
[PlyCount "23"]
[EventDate "2024.04.06"]
[EventType "swiss"]
[EventRounds "6"]
[EventCountry "COL"]
[SourceTitle "CB16_2024"]
[SourceDate "2024.04.17"]
[SourceVersion "1"]
[SourceVersionDate "2024.04.17"]
[SourceQuality "1"]

1. d4 e6 2. c4 c5 3. e3 Nf6 4. Nf3 Be7 5. Nc3 a6 6. Bd3 d5 7. cxd5 cxd4 8. dxe6 fxe6 9. exd4 0-0 10. 0-0 Nc6 11. h3 b5 12. Be3 1-0

[Event "Armenia Quindio op"]
[Site "Armenia"]
[Date "2024.04.07"]
[Round "4"]
[White "Cuellar Sanchez, Matias"]
[Black "Banol Banol, Jose Daniel"]
[Result "0-1"]
[WhiteElo "1594"]
[BlackElo "1653"]
[PlyCount "62"]
[EventDate "2024.04.06"]
[EventType "swiss"]
[EventRounds "6"]
[EventCountry "COL"]
[SourceTitle "CB16_2024"]
[SourceDate "2024.04.17"]
[SourceVersion "1"]
[SourceVersionDate "2024.04.17"]
[SourceQuality "1"]

1. e4 Nf6 2. e5 Nd5 3. d4 d6 4. c4 Nb6 5. exd6 cxd6 6. Nc3 g6 7. Nf3 Bg4 8. h3 Bxf3 9. Qxf3 Nc6 10. Qd1 Bg7 11. Be3 0-0 12. Be2 Rc8 13. 0-0 e5 14. d5 Ne7 15. b3 h6 16. a4 a6 17. a5 Nd7 18. Ne4 Nf5 19. b4 Qe7 20. Rc1 Nxe3 21. fxe3 f5 22. Nd2 e4 23. Nb3 Kh7 24. g4 Qh4 25. Kg2 Be5 26. Qe1 Qg5 27. Qf2 fxg4 28. Qg1 gxh3+ 29. Kxh3 Qxg1 30. Rxg1 Rf2 31. Rg2 Rcf8 0-1

[Event "COL-ch U16"]
[Site "Villavicencio"]
[Date "2022.05.14"]
[Round "6"]
[White "Banol Banol, Jose Daniel"]
[Black "Delgado Caballero, Nigel Alejandro"]
[Result "1-0"]
[WhiteElo "1500"]
[BlackElo "1315"]
[PlyCount "125"]
[EventDate "2022.05.11"]
[EventType "swiss"]
[EventRounds "9"]
[EventCountry "COL"]
[SourceTitle "CBM 208 Extra"]
[Source "ChessBase"]
[SourceDate "2022.07.31"]
[SourceVersion "1"]
[SourceVersionDate "2022.07.31"]
[SourceQuality "1"]

1. e4 c5 2. Nf3 d6 3. d4 cxd4 4. Nxd4 Nf6 5. Nc3 a6 6. Be3 e5 7. Nb3 Be7 8. f3 Be6 9. Qd2 Nc6 10. g4 Rc8 11. 0-0-0 Nb4 12. Kb1 Nc6 13. h4 Nd7 14. h5 h6 15. Bd3 a5 16. a4 Nb4 17. Na1 Nc5 18. Bb5+ Bd7 19. Bxd7+ Qxd7 20. Nb5 Qe6 21. b3 0-0 22. Bxc5 Rxc5 23. c4 Rd8 24. Nc2 Bg5 25. Qe2 Nxc2 26. Qxc2 Rc6 27. Rd5 Be3 28. Rhd1 Bc5 29. Qc3 Bb4 30. Qb2 Qf6 31. Qf2 Bc5 32. Qg3 Re8 33. Kc2 Re6 34. Nc3 Qg5 35. Re1 Rf6 36. Nd1 Bb4 37. Re2 Rf4 38. Nf2 Qf6 39. Rd3 Qe6 40. Rd5 Qf6 41. Re3 Bc5 42. Rxc5 Rxc5 43. Nd3 Rc6 44. Qf2 Kf8 45. Nxf4 exf4 46. Re1 b6 47. Rd1 Rc5 48. Qd4 Qxd4 49. Rxd4 Ke7 50. Kd3 Ke6 51. Rd5 Rxd5+ 52. cxd5+ Ke5 53. Kc4 g6 54. Kb5 Kd4 55. Kxb6 Ke3 56. e5 Kxf3 57. exd6 Kg3 58. d7 f3 59. d8Q Kg2 60. Qf6 f2 61. Qxf7 f1Q 62. Qxf1+ Kxf1 63. hxg6 1-0